The futureproof corporation : practical lessons in leadership and innovation for the 21st century

Bibliographic Details
Main Authors: Patching, Alan (Author), Waitley, Denis (Author)
Format: Book
Language:English
Published: Singapore : Butterworth - Heinemann Asia [1996]
Subjects:

MARC

LEADER 00000cam a2200000 7i4500
001 0000001842
005 20240924.0
008 991126 si a eng
020 |a 9810080816 
040 |a INS   |b eng   |e rda 
090 0 0 |a HD57.7   |b .P37 1996 
100 1 |a Patching, Alan ,   |e author 
245 1 4 |a The futureproof corporation :   |b practical lessons in leadership and innovation for the 21st century   |c Alan Patching and Dr. Denis Waitley 
264 1 |a Singapore :   |b Butterworth - Heinemann Asia   |c [1996] 
300 |a 316 pages :   |b illustrations ;   |c 25 cm. 
336 |a text  |2 rdacontent 
337 |a unmediated  |2 rdamedia 
338 |a volume  |2 rdacarrier 
500 |a Includes index 
650 0 |a Management 
650 0 |a Work groups 
650 0 0 |a Leadership 
700 1 |a Waitley, Denis ,   |e author 
999 |a 0000006639   |b BOOK   |c Open Shelf   |e Default branch